000 00356nam a22001577a 4500
003 MACL
005 20160113120037.0
008 160113b xxu||||| |||| 00| 0 eng d
040 _cMACL
041 _aEnglish
082 _a620
100 _aJames M. Gere
_931614
245 _aMechanics Of Materials
650 _aEngineering
_931615
942 _2ddc
_cBK
999 _c52129
_d52129